| 000 | 02112cam a22003615a 4500 | ||
|---|---|---|---|
| 001 | 15905220 | ||
| 003 | EG-ScBUE | ||
| 005 | 20221031135151.0 | ||
| 008 | 090914t2008 enkabe f b 001 0 eng d | ||
| 020 | _a9780500342473 (hbk.) | ||
| 020 | _a0500342474 (hbk.) | ||
| 035 | _a(OCoLC)ocn227016199 | ||
| 040 |
_aUKM _beng _erda _cUKM _dBTCTA _dBAKER _dYDXCP _dBWKUK _dBWK _dBWX _dCDX _dBON _dDLC _dEG-ScBUE |
||
| 082 | 0 | 4 |
_a721.0285 _bSPI _222 |
| 100 | 1 |
_aSpiller, Neil, _eauthor. |
|
| 245 | 1 | 0 |
_aDigital architecture now : _ba global survey of emerging talent / _cNeil Spiller. |
| 264 | 1 |
_aLondon : _bThames & Hudson, _c[2008] |
|
| 264 | 4 | _cc2008 | |
| 300 |
_a399 pages : _billustrations, maps, plans ; _c29 cm |
||
| 336 |
_2rdacontent _atext _btxt |
||
| 337 |
_2rdamedia _aunmediated _bn |
||
| 338 |
_2rdacarrier _avolume _bnc |
||
| 504 | _aIncludes bibliographical references and index. | ||
| 505 | 2 | _aForeword. Digital architecture : the history so far -- AMID* architecture -- Asymptote architecture -- Philip Beesley -- Preston Scott Cohen -- Contemporary Architectural Practice (CAP) -- Hernan Diaz Alonso / Xefirotarch -- Dennis Dollens / Exodesic -- Ammar Elouenini / AEDS -- EMERGENT -- Evan Douglis Studio -- Thom Faulders / BEIGE ARCHITECTURE AND DESIGN -- Mark Goulthorpe / deCOi -- Greg Lynn FORM -- Usman Hague / Hague Design + Research -- Jerry Tate Architects -- J. Mayer H. -- Tobias Klein -- KOL/MAC LLC -- Arshia Mahmoodi / Void, inc. -- Marcosandarjan -- Stuart Munro -- Shaun Murray -- Naga Studio Architects -- oceanD -- ORTLOS -- P-A-T-T-E-R-N-S -- Qua'Virach -- Lindy Roy / Roy Co. -- Enric Ruiz-Geli / Cloud9 -- servo -- SIAL -- sixteen*(makers) -- Neil Spiller -- Afterword. Plectic architecture : towards a theory of the post-digital in architecture. | |
| 650 | 7 |
_aArchitectural design _xData processing. _2BUEsh _92262 |
|
| 650 | 7 |
_aArchitecture _xComputer-aided design. _2BUEsh |
|
| 650 | 7 |
_aArchitecture, Modern _y21st century. _2BUEsh |
|
| 650 | 7 |
_aComputer graphics. _2BUEsh _934535 |
|
| 651 | _2BUEsh | ||
| 653 |
_bENGARC _cDecember2016 |
||
| 655 | _vReading book | ||
| 942 |
_2ddc _cBB |
||
| 999 |
_c23730 _d23702 |
||